000 00923cam a22002054a 4500
005 20250605164110.0
008 250528s ||||||||||||||||||||||||d
035 _a17867
020 _a9789603517191
040 _aGR-AtMCL
_bgre
_dGR-AtMCL
_eAACR2
245 1 _aΟικονομικά Μαθηματικά / Β' Έκδοση
250 _a
260 _bΣταμούλης Α,
_c2007
300 _a400
520 _aΠρόλογος, Απλός Τόκος, Ανατοκισμός, Γενική Θεωρία Απλού Τόκου και Ανατοκισμού, Έκπτωση στον Απλό Τόκο και στον Ανατοκισμό, Ράντες, Δάνεια, Επενδύσεις και Κριτήρια Αξιολόγησης τους, Ασκήσεις, Πίνακες, Βιβλιογραφία.
700 1 _aΦράγκος Χρήστος
_93667
942 _cBK
999 _c3267
_d3267